00433pab a2200157 454500008004000000100001700040245006800057260000900125300001400134362000800148650004000156650001600196700001400212700001700226773003200243180718b2005 xxu||||| |||| 00| 0 eng d aAnjani Kumar aTechnical efficiency in freshwater aquaculture in Uttar pradesh c2005 ap.175-87. aOct aAquaculture - India - Uttar Pradesh aAquaculture aBadruddin aElumalai, K. aIndian Journal of Economics